[Event "Elite Hotels Open 2025"]
[Site "Elite Stadshotellet, Växjö, Sweden"]
[Date "2025.02.07"]
[Round "2.13"]
[White "Grahn, Vidar"]
[Black "Torres, Lucas"]
[Result "1-0"]
[TimeControl "R1-4: 15 min + 5 sek, R5-8: 90 min + 30 sek"]
[WhiteTitle "FM"]
[WhiteElo "2252"]
[BlackElo "1959"]

1. d4 {[%clk 00:15:07]} {[%emt 00:00:03]} Nf6 {[%clk 00:15:09]} {[%emt
00:00:01]} 2. c4 {[%clk 00:15:11]} {[%emt 00:00:01]} d6 {[%clk 00:15:13]}
{[%emt 00:00:01]} 3. Nf3 {[%clk 00:15:00]} {[%emt 00:00:15]} g6 {[%clk
00:15:08]} {[%emt 00:00:11]} 4. g3 {[%clk 00:14:52]} {[%emt 00:00:13]} Bf5
{[%clk 00:11:22]} {[%emt 00:03:50]} 5. Nh4 {[%clk 00:13:45]} {[%emt 00:01:12]}
Bd7 {[%clk 00:10:36]} {[%emt 00:00:51]} 6. Bg2 {[%clk 00:13:33]} {[%emt
00:00:18]} Nc6 {[%clk 00:09:58]} {[%emt 00:00:42]} 7. O-O {[%clk 00:13:00]}
{[%emt 00:00:39]} Bg7 {[%clk 00:09:38]} {[%emt 00:00:25]} 8. Nc3 {[%clk
00:12:42]} {[%emt 00:00:23]} O-O {[%clk 00:09:28]} {[%emt 00:00:15]} 9. b3
{[%clk 00:10:28]} {[%emt 00:02:19]} e5 {[%clk 00:07:31]} {[%emt 00:02:01]} 10.
dxe5 {[%clk 00:10:27]} {[%emt 00:00:06]} dxe5 {[%clk 00:06:21]} {[%emt
00:01:16]} 11. Bb2 {[%clk 00:10:04]} {[%emt 00:00:27]} Qe7 {[%clk 00:05:17]}
{[%emt 00:01:09]} 12. Nd5 {[%clk 00:09:32]} {[%emt 00:00:38]} Nxd5 {[%clk
00:05:05]} {[%emt 00:00:17]} 13. cxd5 {[%clk 00:09:36]} Nd4 {[%clk 00:04:18]}
{[%emt 00:00:53]} 14. e3 {[%clk 00:09:04]} {[%emt 00:00:36]} Nf5 {[%clk
00:03:15]} {[%emt 00:01:09]} 15. Nxf5 Bxf5 {[%clk 00:03:18]} 16. e4 {[%clk
00:09:08]} {[%emt 00:00:02]} Bd7 {[%clk 00:03:19]} {[%emt 00:00:03]} 17. Qc1
{[%clk 00:08:50]} {[%emt 00:00:23]} c6 {[%clk 00:02:38]} {[%emt 00:00:46]} 18.
Ba3 {[%clk 00:08:51]} {[%emt 00:00:04]} Qf6 {[%clk 00:02:23]} {[%emt 00:00:20]}
19. Bxf8 {[%clk 00:08:52]} {[%emt 00:00:04]} Bxf8 {[%clk 00:02:26]} {[%emt
00:00:02]} 20. Qb2 {[%clk 00:08:27]} {[%emt 00:00:30]} Bc5 {[%clk 00:02:09]}
{[%emt 00:00:22]} 21. Rad1 {[%clk 00:07:29]} {[%emt 00:01:03]} Bd4 {[%clk
00:01:26]} {[%emt 00:00:49]} 22. Qe2 {[%clk 00:07:32]} {[%emt 00:00:02]} a6
{[%clk 00:00:49]} {[%emt 00:00:42]} 23. a4 {[%clk 00:07:31]} {[%emt 00:00:06]}
b5 {[%clk 00:00:41]} {[%emt 00:00:12]} 24. Rxd4 {[%clk 00:07:01]} {[%emt
00:00:35]} exd4 {[%clk 00:00:42]} {[%emt 00:00:04]} 25. e5 {[%clk 00:07:05]}
Qe7 {[%clk 00:00:40]} {[%emt 00:00:08]} 26. dxc6 {[%clk 00:07:06]} {[%emt
00:00:04]} Be6 {[%clk 00:00:43]} {[%emt 00:00:02]} 27. axb5 {[%clk 00:07:03]}
{[%emt 00:00:07]} axb5 {[%clk 00:00:15]} {[%emt 00:00:33]} 28. Qxb5 {[%clk
00:07:04]} {[%emt 00:00:05]} Qc7 {[%clk 00:00:16]} {[%emt 00:00:04]} 29. b4
{[%clk 00:06:39]} {[%emt 00:00:29]} Rb8 {[%clk 00:00:16]} {[%emt 00:00:04]} 30.
Qc5 {[%clk 00:06:41]} {[%emt 00:00:04]} d3 {[%clk 00:00:18]} {[%emt 00:00:04]}
31. Rd1 {[%clk 00:06:34]} {[%emt 00:00:11]} Bf5 {[%clk 00:00:10]} {[%emt
00:00:13]} 32. Bf1 {[%clk 00:06:17]} {[%emt 00:00:23]} Rd8 {[%clk 00:00:08]}
{[%emt 00:00:06]} 33. b5 {[%clk 00:06:16]} {[%emt 00:00:06]} Be4 {[%clk
00:00:09]} {[%emt 00:00:04]} 34. Bg2 {[%clk 00:06:11]} {[%emt 00:00:10]} Rd5
{[%clk 00:00:10]} {[%emt 00:00:03]} 35. Qc4 {[%clk 00:05:37]} {[%emt 00:00:39]}
Bxg2 36. Kxg2 {[%clk 00:05:41]} Rxe5 {[%clk 00:00:16]} {[%emt 00:00:02]} 37.
Qxd3 {[%clk 00:05:38]} {[%emt 00:00:09]} Kg7 {[%clk 00:00:15]} {[%emt
00:00:06]} 38. Qd4 {[%clk 00:05:33]} {[%emt 00:00:08]} f6 {[%clk 00:00:18]}
{[%emt 00:00:03]} 39. Qd7+ {[%clk 00:05:34]} {[%emt 00:00:04]} Re7 {[%clk
00:00:22]} 40. Qxc7 Rxc7 {[%clk 00:00:26]} 41. Rd7+ {[%clk 00:05:41]} {[%emt
00:00:01]} Rxd7 42. cxd7 {[%clk 00:05:45]} 1-0

[Event "Elite Hotels Open 2025"]
[Site "Elite Stadshotellet, Växjö, Sweden"]
[Date "2025.02.07"]
[Round "2.14"]
[White "Nilsson, Mattias 1979"]
[Black "Gajic, Mladen"]
[Result "0-1"]
[TimeControl "R1-4: 15 min + 5 sek, R5-8: 90 min + 30 sek"]
[BlackTitle "FM"]
[WhiteElo "1956"]
[BlackElo "2251"]

1. d4 {[%clk 00:15:09]} Nf6 {[%clk 00:15:10]} {[%emt 00:00:01]} 2. Nc3 {[%clk
00:15:12]} {[%emt 00:00:02]} d5 {[%clk 00:15:11]} {[%emt 00:00:04]} 3. Bf4
{[%clk 00:15:11]} {[%emt 00:00:06]} c6 {[%clk 00:15:10]} {[%emt 00:00:06]} 4.
e3 {[%clk 00:15:11]} {[%emt 00:00:04]} g6 {[%clk 00:15:11]} {[%emt 00:00:04]} 5.
Nf3 {[%clk 00:15:06]} {[%emt 00:00:11]} Bg7 {[%clk 00:15:11]} {[%emt 00:00:04]}
6. Ne5 {[%clk 00:15:03]} {[%emt 00:00:09]} Nh5 {[%clk 00:14:46]} {[%emt
00:00:30]} 7. Bg3 {[%clk 00:14:33]} {[%emt 00:00:34]} Nd7 {[%clk 00:13:29]}
{[%emt 00:01:22]} 8. Nd3 {[%clk 00:14:13]} {[%emt 00:00:26]} Nxg3 {[%clk
00:12:36]} {[%emt 00:00:57]} 9. hxg3 {[%clk 00:14:16]} {[%emt 00:00:03]} e5
{[%clk 00:12:38]} {[%emt 00:00:02]} 10. dxe5 Nxe5 {[%clk 00:12:42]} 11. Nxe5
{[%clk 00:11:11]} {[%emt 00:00:15]} Bxe5 {[%clk 00:12:46]} 12. Qd2 {[%clk
00:10:20]} {[%emt 00:00:55]} Be6 {[%clk 00:11:38]} {[%emt 00:01:13]} 13. Nd1
{[%clk 00:09:50]} {[%emt 00:00:35]} Qb6 {[%clk 00:10:21]} {[%emt 00:01:22]} 14.
c3 {[%clk 00:09:52]} {[%emt 00:00:04]} c5 {[%clk 00:08:42]} {[%emt 00:01:43]}
15. a4 {[%clk 00:09:00]} {[%emt 00:00:58]} O-O {[%clk 00:08:06]} {[%emt
00:00:40]} 16. e4 {[%clk 00:08:34]} {[%emt 00:00:31]} dxe4 {[%clk 00:08:08]}
{[%emt 00:00:02]} 17. Qh6 {[%clk 00:08:35]} {[%emt 00:00:06]} Rfd8 {[%clk
00:08:03]} {[%emt 00:00:10]} 18. Qxh7+ {[%clk 00:08:33]} {[%emt 00:00:07]} Kf8
{[%clk 00:08:07]} 19. Qh6+ {[%clk 00:07:28]} {[%emt 00:01:10]} Bg7 {[%clk
00:05:44]} {[%emt 00:02:28]} 20. Qe3 {[%clk 00:07:31]} {[%emt 00:00:02]} Bb3
{[%clk 00:04:36]} {[%emt 00:01:12]} 21. Be2 {[%clk 00:06:09]} {[%emt 00:01:28]}
Bxd1 {[%clk 00:04:29]} {[%emt 00:00:12]} 22. Rxd1 {[%clk 00:06:00]} {[%emt
00:00:14]} Qxb2 {[%clk 00:04:22]} {[%emt 00:00:11]} 23. Qxc5+ {[%clk 00:05:54]}
{[%emt 00:00:12]} Kg8 {[%clk 00:04:24]} {[%emt 00:00:02]} 24. Rxd8+ {[%clk
00:04:07]} {[%emt 00:01:52]} Rxd8 {[%clk 00:04:28]} {[%emt 00:00:01]} 0-1

[Event "Elite Hotels Open 2025"]
[Site "Elite Stadshotellet, Växjö, Sweden"]
[Date "2025.02.07"]
[Round "2.15"]
[White "Reid, Gregor J M"]
[Black "Johnsson, Marcus"]
[Result "1-0"]
[TimeControl "R1-4: 15 min + 5 sek, R5-8: 90 min + 30 sek"]
[WhiteElo "2237"]
[BlackElo "1957"]

1. e4 {[%clk 00:15:06]} {[%emt 00:00:02]} g6 {[%clk 00:15:05]} {[%emt
00:00:08]} 2. Nc3 {[%clk 00:15:07]} {[%emt 00:00:03]} Bg7 {[%clk 00:15:06]}
{[%emt 00:00:04]} 3. f4 {[%clk 00:15:08]} {[%emt 00:00:03]} d6 {[%clk
00:14:54]} {[%emt 00:00:18]} 4. Bc4 {[%clk 00:15:03]} {[%emt 00:00:10]} e6
{[%clk 00:14:48]} {[%emt 00:00:11]} 5. Nf3 {[%clk 00:14:58]} {[%emt 00:00:09]}
c6 {[%clk 00:14:33]} {[%emt 00:00:22]} 6. d3 {[%clk 00:14:49]} {[%emt
00:00:12]} Ne7 {[%clk 00:14:33]} {[%emt 00:00:06]} 7. O-O {[%clk 00:14:48]}
{[%emt 00:00:06]} d5 {[%clk 00:14:24]} {[%emt 00:00:15]} 8. Bb3 {[%clk
00:14:49]} {[%emt 00:00:03]} d4 {[%clk 00:13:40]} {[%emt 00:00:49]} 9. Ne2
{[%clk 00:14:48]} {[%emt 00:00:06]} O-O {[%clk 00:13:28]} {[%emt 00:00:17]} 10.
f5 {[%clk 00:14:30]} {[%emt 00:00:22]} exf5 {[%clk 00:13:09]} {[%emt 00:00:26]}
11. Ng3 {[%clk 00:13:48]} {[%emt 00:00:46]} Na6 {[%clk 00:12:17]} {[%emt
00:00:58]} 12. e5 {[%clk 00:12:48]} {[%emt 00:01:05]} h6 {[%clk 00:10:16]}
{[%emt 00:02:06]} 13. a3 {[%clk 00:11:10]} {[%emt 00:01:43]} Nc5 {[%clk
00:10:17]} {[%emt 00:00:04]} 14. Ba2 {[%clk 00:10:37]} {[%emt 00:00:38]} Be6
{[%clk 00:10:17]} {[%emt 00:00:05]} 15. Ne2 {[%clk 00:10:01]} {[%emt 00:00:41]}
Bxa2 {[%clk 00:10:05]} {[%emt 00:00:17]} 16. Rxa2 {[%clk 00:10:04]} {[%emt
00:00:02]} Ne6 {[%clk 00:10:02]} {[%emt 00:00:07]} 17. c4 {[%clk 00:08:59]}
{[%emt 00:01:10]} c5 {[%clk 00:09:17]} {[%emt 00:00:50]} 18. b4 {[%clk
00:08:53]} {[%emt 00:00:12]} b6 {[%clk 00:09:14]} {[%emt 00:00:08]} 19. h4
{[%clk 00:08:41]} {[%emt 00:00:17]} Nc6 {[%clk 00:08:56]} {[%emt 00:00:21]} 20.
Nf4 {[%clk 00:07:04]} {[%emt 00:01:43]} Nxe5 {[%clk 00:06:28]} {[%emt
00:02:34]} 21. h5 {[%clk 00:06:17]} {[%emt 00:00:51]} Nxf3+ {[%clk 00:05:23]}
{[%emt 00:01:11]} 22. Qxf3 {[%clk 00:06:16]} {[%emt 00:00:06]} Nxf4 {[%emt
00:00:45]} 23. Bxf4 {[%clk 00:05:30]} {[%emt 00:00:14]} g5 {[%clk 00:05:13]}
{[%emt 00:00:12]} 24. Bc1 {[%clk 00:04:58]} {[%emt 00:00:37]} f4 {[%clk
00:05:06]} {[%emt 00:00:11]} 25. Re2 {[%clk 00:04:52]} {[%emt 00:00:12]} Qd7
{[%clk 00:04:18]} {[%emt 00:00:53]} 26. Rfe1 {[%clk 00:04:33]} {[%emt
00:00:23]} Rfe8 {[%clk 00:04:17]} {[%emt 00:00:06]} 27. Bd2 {[%clk 00:03:59]}
{[%emt 00:00:40]} Rxe2 {[%clk 00:03:48]} {[%emt 00:00:34]} 28. Qxa8+ {[%clk
00:03:41]} {[%emt 00:00:22]} Kh7 {[%clk 00:02:41]} {[%emt 00:01:13]} 29. Rxe2
{[%clk 00:03:41]} {[%emt 00:00:05]} 1-0

[Event "Elite Hotels Open 2025"]
[Site "Elite Stadshotellet, Växjö, Sweden"]
[Date "2025.02.07"]
[Round "2.16"]
[White "Wickstrom, Carina"]
[Black "Krantz, Christopher"]
[Result "0-1"]
[TimeControl "R1-4: 15 min + 5 sek, R5-8: 90 min + 30 sek"]
[WhiteElo "1953"]
[BlackElo "2215"]

1. Nf3 {[%clk 00:15:08]} {[%emt 00:00:02]} g6 {[%clk 00:15:06]} {[%emt
00:00:04]} 2. g3 {[%clk 00:15:11]} {[%emt 00:00:02]} Bg7 {[%clk 00:15:09]}
{[%emt 00:00:02]} 3. d4 {[%clk 00:15:15]} d6 {[%clk 00:15:11]} {[%emt
00:00:03]} 4. Bg2 {[%clk 00:15:19]} Nc6 {[%clk 00:15:14]} {[%emt 00:00:03]} 5.
d5 {[%clk 00:15:17]} {[%emt 00:00:07]} Ne5 {[%clk 00:15:14]} {[%emt 00:00:05]}
6. Nxe5 {[%clk 00:15:16]} {[%emt 00:00:07]} Bxe5 {[%clk 00:15:16]} {[%emt
00:00:02]} 7. O-O {[%clk 00:15:17]} {[%emt 00:00:05]} h5 {[%clk 00:15:18]}
{[%emt 00:00:01]} 8. h4 {[%clk 00:14:29]} {[%emt 00:00:54]} Bg4 {[%clk
00:15:07]} {[%emt 00:00:16]} 9. c4 {[%clk 00:14:26]} {[%emt 00:00:08]} Qd7
{[%clk 00:14:47]} {[%emt 00:00:24]} 10. Nc3 {[%clk 00:13:15]} {[%emt 00:01:17]}
Bh3 {[%clk 00:14:10]} {[%emt 00:00:41]} 11. Ne4 {[%clk 00:13:02]} {[%emt
00:00:19]} Bxg2 {[%clk 00:13:46]} {[%emt 00:00:29]} 12. Kxg2 {[%clk 00:13:05]}
{[%emt 00:00:02]} Bg7 {[%clk 00:13:01]} {[%emt 00:00:48]} 13. Be3 {[%clk
00:12:36]} {[%emt 00:00:36]} c5 {[%clk 00:12:42]} {[%emt 00:00:24]} 14. Qc2
{[%clk 00:10:23]} {[%emt 00:02:19]} b5 {[%clk 00:11:00]} {[%emt 00:01:46]} 15.
Ng5 {[%clk 00:10:02]} {[%emt 00:00:26]} Nf6 {[%clk 00:10:16]} {[%emt 00:00:48]}
16. Bf4 {[%clk 00:09:47]} {[%emt 00:00:21]} Rb8 {[%clk 00:09:44]} {[%emt
00:00:37]} 17. b3 {[%clk 00:07:26]} {[%emt 00:02:27]} O-O {[%clk 00:09:17]}
{[%emt 00:00:31]} 18. Rab1 {[%clk 00:06:40]} {[%emt 00:00:52]} a5 {[%clk
00:08:22]} {[%emt 00:00:59]} 19. Bd2 {[%clk 00:06:04]} {[%emt 00:00:41]} b4
{[%clk 00:06:28]} {[%emt 00:01:59]} 20. Bc1 {[%clk 00:05:45]} {[%emt 00:00:24]}
a4 {[%clk 00:06:27]} {[%emt 00:00:06]} 21. Bb2 {[%clk 00:05:47]} {[%emt
00:00:04]} Ra8 {[%clk 00:06:17]} {[%emt 00:00:15]} 22. e4 {[%clk 00:04:58]}
{[%emt 00:00:53]} axb3 {[%clk 00:06:00]} {[%emt 00:00:22]} 23. axb3 {[%clk
00:05:01]} {[%emt 00:00:03]} Ra2 {[%clk 00:05:09]} {[%emt 00:00:54]} 24. Qd3
{[%clk 00:04:03]} {[%emt 00:01:05]} Nh7 {[%clk 00:03:46]} {[%emt 00:01:27]} 25.
Nxh7 {[%clk 00:03:26]} {[%emt 00:00:42]} Kxh7 {[%clk 00:03:49]} {[%emt
00:00:02]} 26. Bc1 {[%clk 00:03:22]} {[%emt 00:00:09]} f5 {[%clk 00:02:32]}
{[%emt 00:01:22]} 27. exf5 {[%clk 00:03:09]} {[%emt 00:00:19]} Qxf5 {[%clk
00:02:29]} {[%emt 00:00:07]} 28. Qxf5 Rxf5 {[%clk 00:02:33]} 29. Be3 {[%clk
00:02:13]} {[%emt 00:00:58]} Rf8 {[%clk 00:02:03]} {[%emt 00:00:34]} 30. Rfd1
{[%clk 00:01:48]} {[%emt 00:00:30]} Bh6 {[%clk 00:01:55]} {[%emt 00:00:12]} 31.
Ra1 {[%clk 00:01:30]} {[%emt 00:00:25]} Ra3 {[%clk 00:01:19]} {[%emt 00:00:41]}
32. Bxh6 {[%clk 00:00:45]} {[%emt 00:00:50]} Kxh6 {[%clk 00:01:22]} {[%emt
00:00:02]} 33. Rxa3 {[%clk 00:00:20]} {[%emt 00:00:29]} bxa3 {[%clk 00:01:26]}
{[%emt 00:00:02]} 34. Ra1 {[%clk 00:00:24]} Ra8 {[%clk 00:01:24]} {[%emt
00:00:07]} 35. Ra2 {[%clk 00:00:28]} {[%emt 00:00:01]} g5 {[%clk 00:01:14]}
{[%emt 00:00:15]} 36. hxg5+ Kxg5 {[%clk 00:01:17]} 37. Kf3 {[%clk 00:00:31]}
{[%emt 00:00:03]} Kf5 {[%clk 00:01:21]} {[%emt 00:00:01]} 38. Ke3 {[%clk
00:00:32]} {[%emt 00:00:04]} Kg4 {[%clk 00:01:17]} {[%emt 00:00:09]} 39. Ke2
{[%clk 00:00:27]} {[%emt 00:00:11]} h4 {[%clk 00:01:04]} {[%emt 00:00:17]} 40.
gxh4 Kxh4 {[%clk 00:01:08]} 41. Ke3 {[%clk 00:00:34]} {[%emt 00:00:03]} Kg4
{[%clk 00:01:11]} {[%emt 00:00:02]} 42. Ke4 {[%clk 00:00:36]} {[%emt 00:00:03]}
Kg5 {[%clk 00:01:10]} {[%emt 00:00:05]} 43. Ke3 {[%clk 00:00:37]} {[%emt
00:00:04]} Kf5 {[%clk 00:01:14]} {[%emt 00:00:02]} 44. Kf3 {[%clk 00:00:38]}
{[%emt 00:00:04]} Ra7 {[%clk 00:01:18]} 45. Ke3 {[%clk 00:00:40]} {[%emt
00:00:02]} Ke5 {[%clk 00:01:20]} {[%emt 00:00:02]} 46. f3 {[%clk 00:00:41]}
{[%emt 00:00:06]} Kf5 {[%clk 00:01:24]} 47. Ke2 {[%clk 00:00:18]} {[%emt
00:00:28]} Kf4 {[%clk 00:01:25]} {[%emt 00:00:03]} 48. Kf2 {[%clk 00:00:21]}
{[%emt 00:00:02]} Ra8 {[%clk 00:01:29]} 49. Kg2 {[%clk 00:00:09]} {[%emt
00:00:18]} Ke3 {[%clk 00:01:31]} {[%emt 00:00:03]} 50. Kf1 {[%clk 00:00:07]}
{[%emt 00:00:06]} Kd3 {[%clk 00:01:23]} {[%emt 00:00:13]} 51. Kf2 {[%clk
00:00:07]} {[%emt 00:00:06]} Kc3 {[%clk 00:01:27]} 52. f4 {[%clk 00:00:10]}
{[%emt 00:00:02]} Kxb3 {[%clk 00:01:30]} {[%emt 00:00:01]} 53. Re2 {[%clk
00:00:14]} {[%emt 00:00:02]} a2 {[%clk 00:01:32]} {[%emt 00:00:03]} 54. Re3+
{[%clk 00:00:09]} {[%emt 00:00:09]} Kxc4 {[%clk 00:01:35]} {[%emt 00:00:02]}
0-1

[Event "Elite Hotels Open 2025"]
[Site "Elite Stadshotellet, Växjö, Sweden"]
[Date "2025.02.07"]
[Round "2.17"]
[White "Spang, Lukas"]
[Black "Walinder, Lars"]
[Result "1-0"]
[TimeControl "R1-4: 15 min + 5 sek, R5-8: 90 min + 30 sek"]
[BlackTitle "FM"]
[WhiteElo "1935"]
[BlackElo "2203"]

1. e4 {[%clk 00:15:09]} {[%emt 00:00:01]} e6 {[%clk 00:15:09]} {[%emt
00:00:02]} 2. d4 {[%clk 00:15:12]} {[%emt 00:00:01]} d5 {[%clk 00:15:12]}
{[%emt 00:00:02]} 3. e5 {[%clk 00:15:15]} {[%emt 00:00:02]} c5 {[%clk
00:15:15]} {[%emt 00:00:02]} 4. c3 {[%clk 00:15:17]} {[%emt 00:00:02]} Qb6
{[%clk 00:15:08]} {[%emt 00:00:13]} 5. Nf3 {[%clk 00:15:10]} {[%emt 00:00:12]}
Nc6 {[%clk 00:15:11]} {[%emt 00:00:02]} 6. Bd3 {[%clk 00:15:12]} {[%emt
00:00:02]} Nh6 {[%clk 00:14:52]} {[%emt 00:00:24]} 7. O-O {[%clk 00:14:43]}
{[%emt 00:00:35]} cxd4 {[%clk 00:14:54]} {[%emt 00:00:04]} 8. Re1 {[%clk
00:14:36]} {[%emt 00:00:12]} Be7 {[%clk 00:13:58]} {[%emt 00:01:00]} 9. Nbd2
{[%clk 00:14:16]} {[%emt 00:00:25]} dxc3 {[%clk 00:06:53]} {[%emt 00:07:11]} 10.
bxc3 {[%clk 00:14:19]} {[%emt 00:00:02]} Nf5 {[%clk 00:03:55]} {[%emt
00:03:01]} 11. Rb1 {[%clk 00:14:14]} {[%emt 00:00:10]} Qc7 {[%clk 00:03:59]}
{[%emt 00:00:02]} 12. c4 {[%clk 00:13:54]} {[%emt 00:00:26]} O-O {[%clk
00:03:45]} {[%emt 00:00:19]} 13. Bxf5 {[%clk 00:13:30]} {[%emt 00:00:28]} exf5
{[%clk 00:03:43]} {[%emt 00:00:07]} 14. cxd5 {[%clk 00:13:33]} {[%emt
00:00:02]} Nb4 {[%clk 00:02:49]} {[%emt 00:00:59]} 15. d6 Bxd6 {[%clk
00:02:53]} 16. exd6 {[%clk 00:13:14]} {[%emt 00:00:08]} Qxd6 {[%clk 00:02:56]}
17. Ba3 {[%clk 00:13:03]} {[%emt 00:00:16]} a5 {[%clk 00:02:59]} {[%emt
00:00:02]} 18. Nc4 {[%clk 00:12:29]} {[%emt 00:00:39]} Qxd1 {[%clk 00:02:25]}
{[%emt 00:00:39]} 19. Rexd1 {[%clk 00:12:30]} {[%emt 00:00:04]} 1-0

[Event "Elite Hotels Open 2025"]
[Site "Elite Stadshotellet, Växjö, Sweden"]
[Date "2025.02.07"]
[Round "3.1"]
[White "Bjorkman, Filip"]
[Black "Gdanski, Jacek"]
[Result "0-1"]
[TimeControl "R1-4: 15 min + 5 sek, R5-8: 90 min + 30 sek"]
[BlackTitle "GM"]
[WhiteElo "2117"]
[BlackElo "2483"]

1. e4 {[%clk 00:15:06]} {[%emt 00:00:04]} e6 {[%clk 00:15:10]} {[%emt
00:00:01]} 2. d4 {[%clk 00:15:09]} {[%emt 00:00:02]} d5 {[%clk 00:15:14]}
{[%emt 00:00:01]} 3. Nd2 {[%clk 00:15:13]} Nf6 {[%clk 00:15:04]} {[%emt
00:00:14]} 4. e5 {[%clk 00:15:16]} {[%emt 00:00:03]} Nfd7 {[%clk 00:15:08]} 5.
Bd3 {[%clk 00:15:15]} {[%emt 00:00:06]} c5 {[%clk 00:15:11]} {[%emt 00:00:02]}
6. c3 {[%clk 00:15:19]} {[%emt 00:00:02]} b6 {[%clk 00:15:15]} 7. Qe2 {[%clk
00:14:43]} {[%emt 00:00:40]} a5 {[%clk 00:15:19]} 8. a4 {[%clk 00:14:18]}
{[%emt 00:00:31]} cxd4 {[%clk 00:14:56]} {[%emt 00:00:28]} 9. cxd4 {[%clk
00:14:20]} {[%emt 00:00:03]} Nc6 {[%clk 00:15:00]} 10. Ngf3 {[%clk 00:14:19]}
{[%emt 00:00:07]} Nb4 {[%clk 00:15:04]} 11. Nb1 {[%clk 00:10:40]} {[%emt
00:03:44]} Nxd3+ {[%clk 00:14:37]} {[%emt 00:00:32]} 12. Qxd3 {[%clk 00:10:44]}
{[%emt 00:00:02]} Ba6 {[%clk 00:14:38]} {[%emt 00:00:03]} 13. Qe3 {[%clk
00:10:33]} {[%emt 00:00:16]} Rc8 {[%clk 00:11:36]} {[%emt 00:03:07]} 14. Nc3
{[%clk 00:10:35]} {[%emt 00:00:02]} Bb4 {[%clk 00:11:40]} {[%emt 00:00:02]} 15.
Bd2 {[%clk 00:10:39]} Bxc3 {[%clk 00:11:41]} {[%emt 00:00:05]} 16. Bxc3 {[%clk
00:10:42]} {[%emt 00:00:01]} O-O {[%clk 00:11:45]} {[%emt 00:00:02]} 17. Nd2
{[%clk 00:10:11]} {[%emt 00:00:36]} f6 {[%clk 00:11:39]} {[%emt 00:00:10]} 18.
f4 {[%clk 00:10:00]} {[%emt 00:00:16]} fxe5 {[%clk 00:10:57]} {[%emt 00:00:48]}
19. fxe5 {[%clk 00:10:03]} {[%emt 00:00:02]} Qh4+ {[%clk 00:10:52]} {[%emt
00:00:09]} 20. g3 {[%clk 00:09:47]} {[%emt 00:00:21]} Qh5 {[%clk 00:10:40]}
{[%emt 00:00:18]} 21. h3 {[%clk 00:09:30]} {[%emt 00:00:21]} Nb8 {[%clk
00:10:13]} {[%emt 00:00:32]} 22. g4 {[%clk 00:08:01]} {[%emt 00:01:34]} Qh4+
{[%clk 00:08:59]} {[%emt 00:01:19]} 23. Kd1 {[%clk 00:08:05]} {[%emt 00:00:01]}
Nc6 {[%clk 00:09:04]} {[%emt 00:00:02]} 24. Rg1 {[%clk 00:05:46]} {[%emt
00:02:24]} Rf7 {[%emt 00:01:51]} 25. Qg3 {[%clk 00:05:34]} {[%emt 00:00:15]}
Qg5 {[%clk 00:06:34]} {[%emt 00:00:50]} 26. h4 {[%clk 00:05:36]} {[%emt
00:00:03]} Qf4 {[%clk 00:06:38]} 27. Ra3 {[%clk 00:04:02]} {[%emt 00:01:39]}
Nxd4 {[%clk 00:06:15]} {[%emt 00:00:28]} 28. Rg2 {[%clk 00:00:32]} {[%emt
00:03:36]} Qxg3 {[%clk 00:03:21]} {[%emt 00:02:59]} 29. Rxg3 {[%clk 00:00:35]}
Ne2 {[%clk 00:03:24]} {[%emt 00:00:03]} 30. Rg2 {[%clk 00:00:16]} {[%emt
00:00:23]} d4 {[%clk 00:03:20]} {[%emt 00:00:09]} 0-1

[Event "Elite Hotels Open 2025"]
[Site "Elite Stadshotellet, Växjö, Sweden"]
[Date "2025.02.07"]
[Round "3.2"]
[White "Kucuksari, Kaan"]
[Black "Nilsson, Oliver"]
[Result "1-0"]
[TimeControl "R1-4: 15 min + 5 sek, R5-8: 90 min + 30 sek"]
[WhiteTitle "IM"]
[WhiteElo "2463"]
[BlackElo "2125"]

1. d4 {[%clk 00:15:08]} {[%emt 00:00:02]} Nf6 {[%clk 00:12:27]} {[%emt
00:02:38]} 2. Nf3 {[%clk 00:15:12]} {[%emt 00:00:07]} d5 {[%clk 00:12:26]}
{[%emt 00:00:06]} 3. Bf4 {[%clk 00:15:15]} e6 {[%clk 00:12:26]} {[%emt
00:00:05]} 4. e3 {[%clk 00:15:19]} c5 {[%clk 00:12:30]} {[%emt 00:00:02]} 5. c3
{[%clk 00:15:20]} {[%emt 00:00:04]} Nc6 {[%clk 00:12:33]} {[%emt 00:00:02]} 6.
Nbd2 {[%clk 00:15:23]} {[%emt 00:00:02]} Nh5 {[%clk 00:12:33]} {[%emt
00:00:04]} 7. Bg5 {[%clk 00:15:11]} {[%emt 00:00:17]} f6 {[%clk 00:12:36]}
{[%emt 00:00:02]} 8. Bh4 {[%clk 00:15:14]} {[%emt 00:00:02]} cxd4 {[%clk
00:12:39]} {[%emt 00:00:03]} 9. cxd4 {[%clk 00:15:04]} {[%emt 00:00:15]} g6
{[%clk 00:12:14]} {[%emt 00:00:29]} 10. Be2 {[%clk 00:14:36]} {[%emt 00:00:34]}
Ng7 {[%clk 00:11:31]} {[%emt 00:00:48]} 11. Bg3 {[%clk 00:14:33]} {[%emt
00:00:08]} Nf5 {[%clk 00:11:18]} {[%emt 00:00:17]} 12. a3 {[%clk 00:14:32]}
{[%emt 00:00:07]} Bd7 {[%clk 00:10:22]} {[%emt 00:01:01]} 13. Rc1 {[%clk
00:14:34]} {[%emt 00:00:03]} Qe7 {[%clk 00:09:59]} {[%emt 00:00:27]} 14. Nb3
{[%clk 00:14:04]} {[%emt 00:00:36]} Qf7 {[%clk 00:09:30]} {[%emt 00:00:33]} 15.
Bf4 {[%clk 00:13:50]} {[%emt 00:00:20]} h5 {[%clk 00:09:08]} {[%emt 00:00:27]}
16. h4 {[%clk 00:13:24]} {[%emt 00:00:31]} Bd6 {[%clk 00:08:22]} {[%emt
00:00:51]} 17. Bxd6 {[%clk 00:11:30]} {[%emt 00:01:59]} Nxd6 {[%clk 00:08:26]}
{[%emt 00:00:02]} 18. O-O {[%clk 00:11:33]} {[%emt 00:00:02]} Ke7 {[%clk
00:07:25]} {[%emt 00:01:05]} 19. Nc5 {[%clk 00:11:33]} {[%emt 00:00:05]} Rag8
{[%clk 00:07:28]} {[%emt 00:00:02]} 20. Qb3 {[%clk 00:11:21]} {[%emt 00:00:16]}
g5 {[%clk 00:07:00]} {[%emt 00:00:34]} 21. hxg5 {[%clk 00:11:11]} {[%emt
00:00:15]} h4 {[%clk 00:05:50]} {[%emt 00:01:15]} 22. Nxd7 {[%clk 00:10:38]}
{[%emt 00:00:37]} Kxd7 {[%clk 00:05:52]} {[%emt 00:00:04]} 23. Bb5 {[%clk
00:10:40]} {[%emt 00:00:03]} Rxg5 {[%clk 00:04:13]} {[%emt 00:01:44]} 24. Nxg5
{[%clk 00:09:57]} {[%emt 00:00:48]} fxg5 {[%clk 00:04:17]} {[%emt 00:00:01]} 25.
Bxc6+ {[%clk 00:10:01]} {[%emt 00:00:02]} bxc6 {[%clk 00:04:19]} {[%emt
00:00:02]} 26. Qa4 {[%clk 00:10:05]} Nb5 {[%clk 00:03:37]} {[%emt 00:00:48]} 27.
Rc5 {[%clk 00:07:52]} {[%emt 00:02:17]} h3 {[%clk 00:02:29]} {[%emt 00:01:13]}
28. Rxb5 {[%clk 00:07:46]} {[%emt 00:00:11]} cxb5 {[%clk 00:02:01]} {[%emt
00:00:33]} 29. Qxa7+ {[%clk 00:07:48]} {[%emt 00:00:02]} 1-0